Companion Pocketbook B D Chaurasias Human Anataomy : Volume 2 (Record no. 157583)

MARC details
000 -LEADER
fixed length control field 00391nam a2200133Ia 4500
008 - FIXED-LENGTH DATA ELEMENTS--GENERAL INFORMATION
fixed length control field 230411s9999 xx 000 0 und d
041 ## - LANGUAGE CODE
Language code of text/sound track or separate title eng
082 ## - DEWEY DECIMAL CLASSIFICATION NUMBER
Classification number A/611/GAR/B07460
100 ## - MAIN ENTRY--PERSONAL NAME
Personal name Garg Krishna Ed.
245 ## - TITLE STATEMENT
Title Companion Pocketbook B D Chaurasias Human Anataomy : Volume 2
260 ## - PUBLICATION, DISTRIBUTION, ETC. (IMPRINT)
Name of publisher, distributor, etc. CBS Publishers & Distributors
Place of publication, distribution, etc. New Delhi
Date of publication, distribution, etc. 2012
300 ## - PHYSICAL DESCRIPTION
Extent 288p
Holdings
Withdrawn status Lost status Damaged status Not for loan Collection code Home library Current library Date acquired Vendor Cost, normal purchase price Bill number Total Checkouts Full call number Barcode Date last seen Date last checked out Cost, replacement price Bill Date Koha item type Original Barcode
          Smt. Bakul Tambat Institute of Nursing Education Smt. Bakul Tambat Institute of Nursing Education 20/03/2013 B.J.Medical Co-oprative College Stores 195.00 5530 2 A 611 GAR B07460 BTIN-BK-7460 04/07/2023 27/06/2023 133.00 20/03/2013 Books B07460